000
00196 a2200085 4500
020
_a
978-1133108771
100
_a
Richard A. Dunlap
245
_a
Sustainable Energy
260
_b
Cengage Learning
_c
2014
999
_c
13126
_d
13126